000 01488nam a2200265Ia 4500
999 _c56191
_d56191
001 23292
003 GE_BSU
005 20230728113450.0
008 181216s2018||||ge |||||||||||||| ||geo||
020 _a9789941262791
040 _cGE_BSU
041 _ageo
080 _a336.71 ბ-52
100 _aბერიძე, ლაშა
_919551
245 _aსაქართველოს ბანკთაშორისი კონკურენციის შეფასების სისტემისა და რეგულირების მექანიზმების ფორმირება :
_bმონოგრაფია /
_cლაშა ბერიძე ; რედაქტორი ლია ელიავა.
264 _aთბილისი :
_bუნივერსალი,
_c2018.
300 _a236 გვ. :
_bცხრ. ;
_c20 სმ.
504 _aბიბლიოგრ. : გვ. 223-234
520 _aრეზიუმე ინგლისურ ენაზე
541 _h7 ლ.
653 _aმონოგრაფია
653 _aსაქართველოს ბანკთაშორისი კონკურენციის შეფასების სისტემისა და რეგულირების მექანიზმების ფორმირება
700 _aელიავა, ლია
_eრედაქტორი
_914152
942 _cBK
_2udc